[Event "45th Olympiad Budapest 2024"]
[Site "Budapest"]
[Date "2024.09.13"]
[Round "3"]
[Board "2"]
[White "Sandu, Mihaela"]
[Black "Javakhishvili, Lela"]
[Result "1-0"]
[WhiteElo "2248"]
[BlackElo "2446"]
[PlyCount "105"]
[EventDate "2024.09.11"]
[EventType "team-tourn"]
[EventRounds "11"]
[EventCountry "HUN"]
[WhiteTeam "Romania"]
[BlackTeam "Georgia"]
[WhiteTeamCountry "ROU"]
[BlackTeamCountry "GEO"]

1. e4 {[%emt 0:00:06]} d6 {[%emt 0:00:10]} 2. d4 {[%emt 0:00:07]} Nf6 {[%emt 0:00:08]} 3. Nc3 {[%emt 0:00:06]} g6 {[%emt 0:00:04]} 4. Nf3 {[%emt 0:00:07]} Bg7 {[%emt 0:00:08]} 5. Be2 {[%emt 0:00:06]} O-O {[%emt 0:00:17]} 6. O-O {[%emt 0:00:13]} a6 {[%emt 0:00:15]} 7. a4 {[%emt 0:00:18]} Nc6 {[%emt 0:00:30]} 8. d5 {[%emt 0:03:16]} Nb4 {[%emt 0:00:18]} 9. h3 {[%emt 0:15:10]} ({RR} 9. a5 e6 10. Ra4 c5 11. dxc6 Nxc6 12. Bf4 Ne8 13. e5 d5 14. Qd2 Qc7 15. h4 Nxe5 16. h5 Nxf3+ 17. Bxf3 Be5 18. Bxe5 Qxe5 19. Re1 Qg7 20. h6 Qf6 21. Bxd5 Nd6 22. Ne4 Nxe4 23. Bxe4 e5 {1-0 Carlsen,M (2839)-Nepomniachtchi,I (2771) chess.com SpeedChess 2023 (2.21)}) 9... e6 {[%emt 0:02:35]} 10. dxe6 {[%emt 0:12:42]} Bxe6 {[%emt 0:00:28]} 11. Be3 $146 {[%emt 0:03:25]} ({RR} 11. Nd4 Bd7 12. Bf4 Re8 13. Bf3 Nc6 14. Be3 Ne5 15. Be2 c5 16. Nf3 Nxf3+ 17. Bxf3 Bc6 18. Qd3 Re6 19. Nd5 Nd7 20. Nf4 Re8 21. Qxd6 Bxb2 22. Rab1 Bg7 23. Rfd1 Rb8 24. Bg4 Bf8 25. Qd2 Nf6 {0-1 Birkisson,B (2169)-Gretarsson,H (2468) ch-ISL 2024 Mosfellsbaer ISL (1.3)}) ({RR} 11. Nd4 Bd7 12. Bc4 c5 13. Nf3 b5 14. axb5 axb5 15. Rxa8 Qxa8 16. Bxb5 Bxb5 17. Nxb5 Nxe4 18. c3 Nd5 19. Re1 Nb6 20. Qe2 f5 21. Nxd6 Nxd6 22. Qe6+ Kh8 23. Qxd6 Na4 24. Ng5 Re8 25. Re7 Rxe7 {1-0 Danilenko,D (2398)-Morozov,N (2147) Chebanenco Memorial 2014 (8)}) 11... Re8 {[%emt 0:04:03]} 12. Ng5 {[%emt 0:07:50]} Bd7 {[%emt 0:08:43]} 13. Bc4 {[%emt 0:01:45]} d5 {[%emt 0:12:52]} 14. exd5 {[%emt 0:05:50]} h6 {[%emt 0:02:50]} 15. Nf3 {[%emt 0:00:29]} Bf5 {[%emt 0:03:55]} 16. Bb3 {[%emt 0:07:50]} Qd7 {[%emt 0:07:28]} 17. Bc5 {[%emt 0:09:12]} a5 {[%emt 0:01:46]} 18. Nd4 {[%emt 0:03:18]} Rad8 {[%emt 0:05:05]} 19. Qf3 {[%emt 0:00:57]} Ne4 {[%emt 0:29:40]} 20. Nxf5 {[%emt 0:05:09]} Nxc5 {[%emt 0:00:28]} 21. Nxg7 {[%emt 0:00:52]} Kxg7 {[%emt 0:00:07]} 22. Bc4 {[%emt 0:11:27]} Nxc2 {[%emt 0:00:31]} 23. Rad1 {[%emt 0:00:29]} Qf5 {[%emt 0:04:47]} 24. Qxf5 {[%emt 0:03:10]} gxf5 {[%emt 0:00:03]} 25. Nb5 {[%emt 0:01:36]} Rd7 {[%emt 0:04:35]} 26. Rc1 {[%emt 0:03:16]} Nb4 {[%emt 0:00:06]} 27. Nd4 {[%emt 0:00:10]} Ncd3 {[%emt 0:03:33]} 28. Rc3 {[%emt 0:03:31]} Nxb2 {[%emt 0:00:26]} 29. Nxf5+ {[%emt 0:01:32]} Kf6 {[%emt 0:03:28]} 30. Nxh6 {[%emt 0:00:40]} Nxc4 {[%emt 0:00:49]} 31. Rxc4 {[%emt 0:00:04]} Nxd5 {[%emt 0:00:22]} 32. Ng4+ {[%emt 0:00:45]} Kg7 {[%emt 0:00:24]} 33. Rd1 {[%emt 0:00:15]} c6 {[%emt 0:04:41]} 34. Rc5 {[%emt 0:00:22]} Ra8 {[%emt 0:00:17]} 35. Ne3 {[%emt 0:00:48]} Nb6 {[%emt 0:00:36]} 36. Ra1 {[%emt 0:00:21]} Kf8 {[%emt 0:00:39]} 37. Ra3 {[%emt 0:00:30]} Rd4 {[%emt 0:00:38]} 38. Rb3 {[%emt 0:00:49]} Rb4 {[%emt 0:00:23]} 39. Rd3 {[%emt 0:00:14]} Rxa4 {[%emt 0:01:17]} 40. Rh5 {[%emt 0:00:04]} Re8 {[%emt 0:00:36]} 41. Nf5 {[%emt 0:00:15]} Re1+ {[%emt 0:02:19]} 42. Kh2 {[%emt 0:02:46]} f6 {[%emt 0:00:06]} 43. Rd8+ {[%emt 0:02:49]} Kf7 {[%emt 0:00:04]} 44. g4 {[%emt 0:00:42]} Re8 {[%emt 0:02:32]} 45. Rh7+ {[%emt 0:12:16]} Kg8 {[%emt 0:00:03]} 46. Rg7+ {[%emt 0:00:04]} Kf8 {[%emt 0:00:04]} 47. Rd6 {[%emt 0:00:04]} Nd5 {[%emt 0:04:51]} 48. Rxb7 {[%emt 0:00:05]} Ra2 {[%emt 0:04:57]} 49. Kg3 {[%emt 0:04:48]} Rae2 {[%emt 0:02:02]} 50. Rxc6 {[%emt 0:01:52]} R2e5 {[%emt 0:01:34]} 51. Ra6 {[%emt 0:02:52]} Rc8 {[%emt 0:02:01]} 52. Raa7 {[%emt 0:02:19]} Re6 {[%emt 0:00:23]} 53. Rh7 {[%emt 0:01:04]} 1-0

[Event "45th Olympiad Budapest 2024"]
[Site "Budapest"]
[Date "2024.09.13"]
[Round "3"]
[Board "3"]
[White "Batsiashvili, Nino"]
[Black "Voicu-Jagodzinsky, Carmen"]
[Result "1-0"]
[WhiteElo "2461"]
[BlackElo "2271"]
[PlyCount "97"]
[EventDate "2024.09.11"]
[EventType "team-tourn"]
[EventRounds "11"]
[EventCountry "HUN"]
[WhiteTeam "Georgia"]
[BlackTeam "Romania"]
[WhiteTeamCountry "GEO"]
[BlackTeamCountry "ROU"]

1. d4 {[%emt 0:00:02]} Nf6 {[%emt 0:00:14]} 2. c4 {[%emt 0:00:05]} c5 {[%emt 0:00:13]} 3. d5 {[%emt 0:00:11]} e6 {[%emt 0:00:07]} 4. Nc3 {[%emt 0:00:03]} exd5 {[%emt 0:00:07]} 5. cxd5 {[%emt 0:00:10]} d6 {[%emt 0:00:06]} 6. e4 {[%emt 0:00:36]} g6 {[%emt 0:00:15]} 7. f4 {[%emt 0:01:14]} Bg7 {[%emt 0:00:14]} 8. Bb5+ {[%emt 0:00:21]} Nfd7 {[%emt 0:00:15]} 9. a4 {[%emt 0:08:19]} Na6 {[%emt 0:00:33]} 10. Nf3 {[%emt 0:00:20]} Nb4 {[%emt 0:00:11]} 11. O-O {[%emt 0:00:47]} a6 {[%emt 0:00:31]} 12. Be2 {[%emt 0:00:18]} O-O {[%emt 0:08:46]} 13. Be3 {[%emt 0:00:34]} Nf6 {[%emt 0:03:45]} ({RR} 13... Re8 14. Bf2 b6 15. g4 Qc7 16. g5 c4 17. f5 Be5 18. Qd2 Nc5 19. Nxe5 Rxe5 20. Bg3 Nb3 21. Qd1 Nxa1 22. Bxe5 dxe5 23. fxg6 Nac2 24. gxh7+ Kxh7 25. Bxc4 Kg6 26. Qf3 Qd6 27. Qxf7+ Kxg5 28. Be2 {1-0 Dias,S (1983)-Green,M (1961) English Open 2024 (5.22)}) 14. Nd2 {[%emt 0:05:05]} Re8 {[%emt 0:03:38]} ({RR} 14... Rb8 15. Kh1 b5 16. axb5 axb5 17. Bg1 c4 18. Ra7 Na6 19. b3 b4 20. Ncb1 c3 21. Bxa6 Bxa6 22. Rxa6 Re8 23. Qf3 Rc8 24. Rc6 Qd7 25. Rxc8 Qxc8 26. Rc1 c2 27. h3 cxb1=Q 28. Rxc8 Qa1 29. Rxe8+ {½-½ rofChade 3.0 (3486)-LCZero 0.30-dag-bord-lf_78496 (3589) TCEC 23 Premier 2022 (32.3)}) 15. Bf2 {[%emt 0:00:41]} Nd7 $146 {[%emt 0:04:37]} ({RR} 15... b6 16. Bf3 Nd3 17. Bg3 Nd7 18. Qc2 Nb4 19. Qb3 h5 20. h4 Bf6 21. f5 Ne5 22. Nc4 Nxc4 23. Qxc4 Bxh4 24. Bf4 Bf6 25. Rad1 b5 26. axb5 axb5 27. Qe2 Bd4+ 28. Be3 Nc2 29. Bxd4 Nxd4 30. Qf2 {½-½ Pour Agha Bala,A (2430)-Gabrielian,A (2464) Titled Tuesday intern op 16th Nov blitz 2021 (9)}) 16. Kh1 {[%emt 0:09:58]} Bd4 {[%emt 0:07:31]} 17. Nc4 {[%emt 0:12:31]} Bxf2 {[%emt 0:11:33]} 18. Rxf2 {[%emt 0:00:05]} Nb6 {[%emt 0:00:49]} 19. Nxb6 {[%emt 0:12:58]} Qxb6 {[%emt 0:00:07]} 20. Bc4 {[%emt 0:04:44]} Qd8 {[%emt 0:02:02]} 21. Qf3 {[%emt 0:04:09]} b6 {[%emt 0:02:20]} 22. e5 {[%emt 0:04:51]} Ra7 {[%emt 0:07:28]} 23. Re1 {[%emt 0:03:44]} Bf5 {[%emt 0:03:28]} 24. g4 {[%emt 0:07:22]} Bc2 {[%emt 0:03:07]} 25. b3 {[%emt 0:02:26]} Qh4 {[%emt 0:20:44]} 26. Rfe2 {[%emt 0:01:28]} h5 {[%emt 0:01:40]} 27. gxh5 {[%emt 0:00:34]} Bf5 {[%emt 0:02:08]} 28. hxg6 {[%emt 0:01:17]} fxg6 {[%emt 0:00:05]} 29. Qg3 {[%emt 0:01:53]} Qxg3 {[%emt 0:02:05]} 30. hxg3 {[%emt 0:00:02]} Rh7+ {[%emt 0:02:41]} 31. Rh2 {[%emt 0:00:18]} Nc2 {[%emt 0:02:55]} 32. Rxh7 {[%emt 0:00:21]} Kxh7 {[%emt 0:01:10]} 33. Re2 {[%emt 0:00:24]} Kg7 {[%emt 0:00:47]} 34. exd6 {[%emt 0:00:42]} Ne3 {[%emt 0:00:56]} 35. Kg1 {[%emt 0:00:45]} Bg4 {[%emt 0:03:27]} 36. Re1 {[%emt 0:00:26]} Bd7 {[%emt 0:02:33]} 37. Bxa6 {[%emt 0:00:30]} Kf7 {[%emt 0:02:35]} 38. Bb5 {[%emt 0:02:14]} Bxb5 {[%emt 0:00:50]} 39. Nxb5 {[%emt 0:00:07]} Nxd5 {[%emt 0:00:25]} 40. Rxe8 {[%emt 0:00:25]} Kxe8 {[%emt 0:00:02]} 41. Nc7+ {[%emt 0:00:42]} Nxc7 {[%emt 0:00:07]} 42. dxc7 {[%emt 0:00:03]} Kd7 {[%emt 0:00:05]} 43. Kf2 {[%emt 0:00:04]} Kxc7 {[%emt 0:00:07]} 44. Ke3 {[%emt 0:00:04]} Kd6 {[%emt 0:00:06]} 45. Ke4 {[%emt 0:00:09]} Ke6 {[%emt 0:00:16]} 46. g4 {[%emt 0:00:05]} Kd6 {[%emt 0:00:24]} 47. f5 {[%emt 0:00:35]} g5 {[%emt 0:00:39]} 48. Kd3 {[%emt 0:01:14]} Kd5 {[%emt 0:00:13]} 49. Kc3 1-0

[Event "45th Olympiad Budapest 2024"]
[Site "Budapest"]
[Date "2024.09.13"]
[Round "3"]
[Board "3"]
[White "Pavlidou, Ekaterini"]
[Black "Maltsevskaya, Aleksandra"]
[Result "1-0"]
[WhiteElo "2141"]
[BlackElo "2404"]
[PlyCount "105"]
[EventDate "2024.09.11"]
[EventType "team-tourn"]
[EventRounds "11"]
[EventCountry "HUN"]
[WhiteTeam "Greece"]
[BlackTeam "Poland"]
[WhiteTeamCountry "GRE"]
[BlackTeamCountry "POL"]

1. d4 {[%emt 0:00:14]} d5 {[%emt 0:00:10]} 2. c4 {[%emt 0:00:17]} e6 {[%emt 0:00:10]} 3. Nc3 {[%emt 0:00:30]} Nf6 {[%emt 0:00:11]} 4. cxd5 {[%emt 0:00:19]} exd5 {[%emt 0:00:07]} 5. Bg5 {[%emt 0:00:13]} Be7 {[%emt 0:00:12]} 6. e3 {[%emt 0:00:55]} h6 {[%emt 0:00:09]} 7. Bh4 {[%emt 0:00:04]} Bg4 {[%emt 0:00:07]} 8. Qc2 {[%emt 0:08:38]} O-O {[%emt 0:02:05]} 9. h3 {[%emt 0:04:30]} Be6 {[%emt 0:00:21]} 10. Nf3 {[%emt 0:04:45]} c5 {[%emt 0:11:01]} ({RR} 10... Ne8 11. Bg3 Bd6 12. Ne5 Nc6 13. Nxc6 bxc6 14. Bxd6 cxd6 15. Be2 Qg5 16. Bf3 Rb8 17. Ne2 Rb6 18. Nf4 Bf5 19. Qc3 Be4 20. Bxe4 dxe4 21. O-O Nf6 22. Qa3 Nd5 23. Qxa7 Rxb2 24. Qa3 Rfb8 25. Qxd6 {½-½ Nesterov,A (2602)-Sokolovsky,Y (2516) 57th Biel Master Open 2024 (5.5)}) 11. Rd1 $146 {[%emt 0:03:07]} ({RR} 11. dxc5 Nc6 12. Be2 g5 13. Bg3 Ne4 14. Nxe4 dxe4 15. Qxe4 Qa5+ 16. Kf1 Rfd8 17. h4 Bd5 18. Qg4 Qxc5 19. hxg5 Bxf3 20. gxf3 Qxg5 21. Rxh6 Rd2 22. Rb1 Rad8 23. Rh5 Qxg4 24. fxg4 Bf6 25. Rf5 Bg7 {1-0 Jianu,V (2518)-Cnejev,V (2268) ch-ROU 2023 Sebes ROU (7.6)}) 11... Nc6 {[%emt 0:10:02]} 12. Be2 {[%emt 0:03:47]} cxd4 {[%emt 0:22:12]} 13. Nxd4 {[%emt 0:04:05]} Nxd4 {[%emt 0:01:11]} 14. Rxd4 {[%emt 0:00:22]} Rc8 {[%emt 0:00:06]} 15. Bf3 {[%emt 0:05:53]} Bc5 {[%emt 0:11:08]} 16. Rd2 {[%emt 0:02:09]} Bb4 {[%emt 0:11:40]} 17. O-O {[%emt 0:01:18]} Rc4 {[%emt 0:00:43]} 18. Rd4 {[%emt 0:04:15]} Rxd4 {[%emt 0:06:59]} 19. exd4 {[%emt 0:00:08]} Bxc3 {[%emt 0:19:19]} 20. bxc3 {[%emt 0:04:24]} Qe7 {[%emt 0:00:29]} 21. Re1 {[%emt 0:02:22]} Rd8 {[%emt 0:00:25]} 22. Re3 {[%emt 0:05:53]} b5 {[%emt 0:01:41]} 23. Qe2 {[%emt 0:01:54]} a6 {[%emt 0:00:26]} 24. Qe1 {[%emt 0:03:22]} Rd6 {[%emt 0:00:36]} 25. Qc1 {[%emt 0:06:31]} Qd8 {[%emt 0:00:17]} 26. Re5 {[%emt 0:13:02]} Rc6 {[%emt 0:00:18]} 27. Bxf6 {[%emt 0:02:43]} Qxf6 {[%emt 0:00:08]} 28. Bxd5 {[%emt 0:01:48]} Bxd5 {[%emt 0:00:07]} 29. Rxd5 {[%emt 0:00:05]} Re6 {[%emt 0:01:29]} 30. Kf1 {[%emt 0:05:54]} Qg6 {[%emt 0:01:23]} 31. Rd8+ {[%emt 0:05:20]} Kh7 {[%emt 0:00:04]} 32. d5 {[%emt 0:01:15]} Re5 {[%emt 0:00:34]} 33. Qd1 {[%emt 0:01:36]} Rg5 {[%emt 0:00:54]} 34. g3 {[%emt 0:01:33]} Rf5 {[%emt 0:00:30]} 35. Qc2 {[%emt 0:01:20]} h5 {[%emt 0:00:32]} 36. Kg1 {[%emt 0:01:56]} Qg5 {[%emt 0:00:22]} 37. Qe4 {[%emt 0:00:54]} g6 {[%emt 0:00:40]} 38. Qe8 {[%emt 0:00:57]} Qc1+ {[%emt 0:00:11]} 39. Kg2 {[%emt 0:00:18]} Qxc3 {[%emt 0:00:05]} 40. Qg8+ {[%emt 0:00:30]} Kh6 {[%emt 0:00:05]} 41. Qf8+ {[%emt 0:00:24]} Qg7 {[%emt 0:01:31]} 42. Qe7 {[%emt 0:00:45]} Re5 {[%emt 0:10:04]} 43. d6 {[%emt 0:02:46]} Re6 {[%emt 0:08:01]} 44. Qc7 {[%emt 0:03:20]} Qd4 {[%emt 0:07:23]} 45. Qxf7 {[%emt 0:02:02]} Rf6 {[%emt 0:01:06]} 46. Rh8+ {[%emt 0:03:32]} Kg5 {[%emt 0:00:05]} 47. f4+ {[%emt 0:01:40]} Kf5 {[%emt 0:00:07]} 48. Qd7+ {[%emt 0:00:04]} Ke4 {[%emt 0:00:11]} 49. Qe7+ {[%emt 0:07:30]} Kd3 {[%emt 0:00:27]} 50. d7 {[%emt 0:03:16]} Rc6 {[%emt 0:06:43]} 51. d8=Q {[%emt 0:02:31]} Rc2+ {[%emt 0:00:11]} 52. Kf1 {[%emt 0:00:06]} Rc1+ {[%emt 0:00:16]} 53. Qe1 {[%emt 0:00:07]} 1-0

[Event "45th Olympiad Budapest 2024"]
[Site "Budapest"]
[Date "2024.09.13"]
[Round "3"]
[Board "4"]
[White "Kiolbasa, Oliwia"]
[Black "Makropoulou, Marina"]
[Result "1-0"]
[WhiteElo "2348"]
[BlackElo "2103"]
[PlyCount "95"]
[EventDate "2024.09.11"]
[EventType "team-tourn"]
[EventRounds "11"]
[EventCountry "HUN"]
[WhiteTeam "Poland"]
[BlackTeam "Greece"]
[WhiteTeamCountry "POL"]
[BlackTeamCountry "GRE"]

1. d4 {[%emt 0:00:04] Anand,Viswanathan} Nf6 {[%emt 0:00:19]} 2. c4 {[%emt 0:00:10]} e6 {[%emt 0:00:19]} 3. Nc3 {[%emt 0:00:10]} Bb4 {[%emt 0:00:30]} 4. e3 {[%emt 0:00:39]} O-O {[%emt 0:02:05]} 5. Bd3 {[%emt 0:00:41]} d5 {[%emt 0:06:25]} 6. a3 {[%emt 0:00:35]} Bxc3+ {[%emt 0:02:17]} 7. bxc3 {[%emt 0:03:10]} dxc4 {[%emt 0:00:06]} 8. Bxc4 {[%emt 0:00:13]} c5 {[%emt 0:00:05]} 9. Nf3 {[%emt 0:01:18]} Qc7 {[%emt 0:00:42]} 10. Be2 {[%emt 0:00:50]} b6 {[%emt 0:03:28]} 11. Bb2 {[%emt 0:01:17]} Bb7 {[%emt 0:01:51]} 12. O-O {[%emt 0:00:44]} Rd8 {[%emt 0:01:28]} ({RR} 12... Nbd7 13. c4 Rac8 ({RR} 13... Ng4 14. d5 exd5 15. cxd5 Ngf6 16. d6) 14. Rc1 Rfd8 15. Qb3 Ng4 16. g3 ({RR} 16. d5 exd5 17. cxd5 Ndf6) 16... Ngf6 17. Rfd1 Ne4 18. Ne1 Nd6 ({RR} 18... Ndf6 19. f3 Nxg3 20. hxg3 Qxg3+ 21. Kf1 Nh5) 19. d5 exd5 20. cxd5 c4 21. Qc2 b5 22. Ng2 ({RR} 22. e4 Re8 23. f3 f5 24. exf5 Nxf5 ({RR} 24... Nb6)) 22... Nc5 23. Nf4 Qe7 24. Bg4 Rc7 25. Qc3 ({RR} 25. Re1 Nde4 ({RR} 25... Bc8 26. Bxc8 Rcxc8 27. e4) 26. f3 Nf6) 25... f5 ({RR} 25... f6 26. Be6+ Kh8 27. Qc2 Bc8 28. Bc3) 26. Bf3 Rcd7 ({RR} 26... Nde4 27. Qb4 a6 28. h4) 27. Qb4 {0-1 Carlsen,M (2837)-Anand,V (2782) Wch Rapid Riadh 2017 (9)} {RR} Na6 28. Qa5 Nc5) 13. Re1 {[%emt 0:05:10]} Nc6 {[%emt 0:04:56]} 14. Rc1 {[%emt 0:03:26]} Rac8 {[%emt 0:03:59]} 15. h3 $146 {[%emt 0:13:39]} ({RR} 15. Bd3 Qe7 16. e4 Na5 17. Qe2 Rc7 18. Rcd1 h6 19. Ne5 Rdc8 20. f4 cxd4 21. cxd4 b5 22. d5 exd5 23. Ng4 Qc5+ 24. Kh1 Nxg4 25. Qxg4 d4 26. e5 Qd5 27. Be4 Qc4 28. Bxb7 Nxb7 29. Bxd4 Rd8 {1-0 Panda,S (2395)-Iniyan,P (2510) Qatar Masters Open 2023 (4.37)}) ({RR} 15. c4 Ne7 16. Qb3 cxd4 17. exd4 Qf4 18. Rcd1 Ng6 19. Bc1 Qc7 20. Bg5 Rd7 21. h3 Ne4 22. Be3 Nd6 23. d5 e5 24. Nd2 f5 25. f3 Qd8 26. Qa4 Ba8 27. Qb4 Rdc7 28. a4 Ne7 29. a5 b5 {½-½ Soriano Quispe,I (2271)-Perez Gormaz,M (2388) 10th Floripa Open 2024 (5.5)}) ({RR} 15. Bf1 Ne7 16. Ne5 Nd7 17. Nxd7 Rxd7 18. Qg4 Qc6 19. f3 Kf8 20. c4 f6 21. Bd3 h6 22. d5 exd5 23. cxd5 Rxd5 24. Be4 Qd7 25. Bxd5 Qxg4 26. fxg4 Bxd5 27. e4 Be6 28. h3 b5 29. Red1 Kf7 {1-0 Maghsoodloo,P (2733)-Muradli,M (2561) 7th Sharjah Masters 2024 (8.5)}) 15... h6 {[%emt 0:02:55]} 16. Bf1 {[%emt 0:16:48]} Na5 {[%emt 0:18:21]} 17. c4 {[%emt 0:08:33]} Qe7 {[%emt 0:12:47]} 18. Ne5 {[%emt 0:14:49]} Nc6 {[%emt 0:03:30]} 19. Ng4 {[%emt 0:05:14]} Nxg4 {[%emt 0:05:57]} 20. Qxg4 {[%emt 0:00:05]} Qg5 {[%emt 0:01:34]} 21. dxc5 {[%emt 0:04:32]} Qxg4 {[%emt 0:03:20]} 22. hxg4 {[%emt 0:00:05]} bxc5 {[%emt 0:00:06]} 23. Bc3 {[%emt 0:00:13]} e5 {[%emt 0:02:07]} 24. Red1 {[%emt 0:04:03]} f6 {[%emt 0:00:29]} 25. Bd3 {[%emt 0:01:00]} Ba6 {[%emt 0:07:30]} 26. Bf5 {[%emt 0:02:18]} Rxd1+ {[%emt 0:04:12]} 27. Rxd1 {[%emt 0:00:07]} Rd8 {[%emt 0:00:08]} 28. Rd5 {[%emt 0:03:02]} Rxd5 {[%emt 0:06:50]} 29. cxd5 {[%emt 0:00:34]} Nd8 {[%emt 0:00:23]} 30. Ba5 {[%emt 0:02:45]} Nb7 {[%emt 0:02:45]} 31. Bc7 {[%emt 0:00:06]} g6 {[%emt 0:02:36]} 32. Bxg6 {[%emt 0:03:45]} Kf8 {[%emt 0:00:32]} 33. d6 {[%emt 0:01:06]} c4 {[%emt 0:00:16]} 34. Kf1 {[%emt 0:01:32]} Nc5 {[%emt 0:00:23]} 35. Ke1 {[%emt 0:00:51]} Bb5 {[%emt 0:00:16]} 36. Kd2 {[%emt 0:01:17]} Bd7 {[%emt 0:02:06]} 37. f3 {[%emt 0:00:25]} Be6 {[%emt 0:00:18]} 38. Bd8 {[%emt 0:02:30]} Kg7 {[%emt 0:00:29]} 39. Bf5 {[%emt 0:01:11]} Kf7 {[%emt 0:00:12]} 40. Kc3 {[%emt 0:00:43]} Na4+ {[%emt 0:01:35]} 41. Kb4 {[%emt 0:05:57]} Bxf5 {[%emt 0:13:36]} 42. gxf5 {[%emt 0:01:53]} c3 {[%emt 0:00:05]} 43. Kb3 {[%emt 0:00:24]} h5 {[%emt 0:00:17]} 44. Ba5 {[%emt 0:05:18]} c2 {[%emt 0:12:08]} 45. Kxc2 {[%emt 0:00:55]} Ke8 {[%emt 0:00:28]} 46. Kb3 {[%emt 0:01:32]} Nc5+ {[%emt 0:01:59]} 47. Kc4 {[%emt 0:01:17]} Na4 {[%emt 0:02:10]} 48. Kb5 {[%emt 0:00:48]} 1-0

[Event "45th Olympiad Budapest 2024"]
[Site "Budapest"]
[Date "2024.09.13"]
[Round "3"]
[Board "3"]
[White "Guo, Qi"]
[Black "Gueci, Tea"]
[Result "1-0"]
[WhiteElo "2367"]
[BlackElo "2199"]
[PlyCount "67"]
[EventDate "2024.09.11"]
[EventType "team-tourn"]
[EventRounds "11"]
[EventCountry "HUN"]
[WhiteTeam "China"]
[BlackTeam "Italy"]
[WhiteTeamCountry "CHN"]
[BlackTeamCountry "ITA"]

1. d4 {[%emt 0:00:08]} d5 {[%emt 0:00:04]} 2. c4 {[%emt 0:00:11]} e6 {[%emt 0:00:03]} 3. Nc3 {[%emt 0:00:16]} h6 {[%emt 0:00:05]} 4. Nf3 {[%emt 0:03:46]} Nf6 {[%emt 0:00:05]} 5. g3 {[%emt 0:03:24]} Nc6 {[%emt 0:00:27]} 6. Ne5 $146 {[%emt 0:04:15]} ({RR} 6. Bg2 Bb4 7. Qb3 O-O 8. O-O Bxc3 9. Qxc3 Ne4 10. Qd3 f5 11. cxd5 exd5 12. a3 Be6 13. b4 a6 14. Bf4 g5 15. Bc1 Qf6 16. e3 Rae8 17. Rb1 Bd7 18. Nd2 Ne7 19. Qb3 Bb5 20. Re1 c6 {1-0 Milovanovic,S (2143)-Simonovic,M (1931) SRB-chT Cup Kragujevac 2016 (1.7)}) ({RR} 6. Bg2 Bd6 7. O-O O-O 8. b3 b6 9. Nb5 Ba6 10. Nxd6 cxd6 11. cxd5 exd5 12. Ba3 Qd7 13. Rc1 Rac8 14. Re1 Ne7 15. Nd2 Rxc1 16. Qxc1 Rc8 17. Qb1 Bb7 18. Rc1 Rxc1+ 19. Qxc1 Ba6 20. e3 Bb5 {½-½ Aronian,L (2781)-Carlsen,M (2862) Skilling op Prelim rapid 2020 (6)}) ({RR} 6. Bg2 Bd6 7. O-O O-O 8. b3 Re8 9. Bf4 g5 10. Bxd6 cxd6 11. Rc1 dxc4 12. e4 e5 13. d5 Nb4 14. bxc4 Na6 15. h4 Bg4 16. hxg5 hxg5 17. Qd2 Nh7 18. Nh2 Bh5 19. Bf3 Bg6 20. Ng4 Nc5 {1-0 Aradhya,G (2371)-Kokoszczynski,J (2250) 51st Rilton Cup 2023-24 (9.16)}) ({RR} 6. Bg2 Bd6 7. O-O O-O 8. b3 Re8 9. Nb5 b6 10. Nxd6 cxd6 11. Bb2 Ba6 12. Rc1 Rc8 13. Re1 dxc4 14. Nd2 d5 15. bxc4 dxc4 16. Qa4 Na5 17. Bc3 Nd5 18. Bxa5 bxa5 19. Ne4 Bb7 20. Rxc4 Nb6 {½-½ Vetoshko,V (2523)-Druska,J (2506) SVK-chT 2122 2021 (2.4)}) ({RR} 6. Bg2 Bd6 7. O-O O-O 8. c5 Be7 9. a3 a5 10. Rb1 Ne4 11. Qc2 e5 12. Nxe5 Nxd4 13. Qd3 Bxc5 14. Nxe4 dxe4 15. Bxe4 Qe7 16. b4 axb4 17. axb4 Qxe5 18. bxc5 Re8 19. f3 f5 20. Bb2 Ra4 {0-1 Mardov,D (2404)-Yoo,C (2499) US Masters Charlotte 2021 (4)}) 6... Nxe5 {[%emt 0:20:32]} 7. dxe5 {[%emt 0:00:14]} Nd7 {[%emt 0:00:17]} 8. cxd5 {[%emt 0:01:27]} Nxe5 {[%emt 0:01:29]} 9. Qa4+ {[%emt 0:02:14]} Nd7 {[%emt 0:16:55]} 10. dxe6 {[%emt 0:01:15]} fxe6 {[%emt 0:00:04]} 11. Bh3 {[%emt 0:02:18]} Qf6 {[%emt 0:03:28]} 12. Qc4 {[%emt 0:00:36]} Nb6 {[%emt 0:07:26]} 13. Qxc7 {[%emt 0:03:50]} Bb4 {[%emt 0:00:17]} 14. O-O {[%emt 0:05:35]} O-O {[%emt 0:03:19]} 15. Be3 {[%emt 0:04:43]} Rf7 {[%emt 0:08:57]} 16. Qf4 {[%emt 0:00:35]} Bxc3 {[%emt 0:04:49]} 17. bxc3 {[%emt 0:00:12]} Qxc3 {[%emt 0:01:39]} 18. Qh4 {[%emt 0:08:38]} Bd7 {[%emt 0:05:33]} 19. Rad1 {[%emt 0:08:49]} Nd5 {[%emt 0:03:00]} 20. Bd4 {[%emt 0:02:33]} Qc7 {[%emt 0:01:41]} 21. e4 {[%emt 0:05:11]} Nf6 {[%emt 0:00:57]} 22. Bxf6 {[%emt 0:00:36]} Rxf6 {[%emt 0:00:31]} 23. e5 {[%emt 0:00:07]} Rf7 {[%emt 0:03:15]} 24. Rd6 {[%emt 0:00:33]} Re8 {[%emt 0:00:29]} 25. Qd4 {[%emt 0:00:26]} Rfe7 {[%emt 0:03:15]} 26. Qxa7 {[%emt 0:01:13]} Kh8 {[%emt 0:02:08]} 27. Bg2 {[%emt 0:05:34]} Bb5 {[%emt 0:01:55]} 28. Rb1 {[%emt 0:01:17]} Ba6 {[%emt 0:00:26]} 29. Qd4 {[%emt 0:03:01]} Rc8 {[%emt 0:04:15]} 30. Rd1 {[%emt 0:00:55]} Bc4 {[%emt 0:00:44]} 31. Rc1 {[%emt 0:01:58]} b5 {[%emt 0:00:50]} 32. a4 {[%emt 0:00:04]} Qa7 {[%emt 0:05:39]} 33. Qxa7 {[%emt 0:00:22]} Rxa7 {[%emt 0:00:03]} 34. axb5 {[%emt 0:00:07]} 1-0